Why children misbehave. (Record no. 14698)

000 -LEADER
fixed length control field 00586nam a2200193 a 4500
001 - CONTROL NUMBER
control field :::00012531$&:&@@
003 - CONTROL NUMBER IDENTIFIER
control field OkBaRHE
005 - DATE AND TIME OF LATEST TRANSACTION
control field 20000607103420.0
008 - FIXED-LENGTH DATA ELEMENTS--GENERAL INFORMATION
fixed length control field s1987 j 000 0 eng u
040 ## - CATALOGING SOURCE
Transcribing agency
100 1# - MAIN ENTRY--PERSONAL NAME
Personal name Narramore, Bruce.
245 10 - TITLE STATEMENT
Title Why children misbehave.
260 ## - PUBLICATION, DISTRIBUTION, ETC. (IMPRINT)
Place of publication, distribution, etc Grand Rapids, MI., :
Name of publisher, distributor, etc Zondervan Publishing House
Date of publication, distribution, etc c1987
300 ## - PHYSICAL DESCRIPTION
Extent 208 p. : illus. ;
Dimensions 22 cm.
650 ## - SUBJECT ADDED ENTRY--TOPICAL TERM
Topical term or geographic name as entry element Child Psychology
650 ## - SUBJECT ADDED ENTRY--TOPICAL TERM
Topical term or geographic name as entry element Parenting
942 ## - ADDED ENTRY ELEMENTS (KOHA)
Source of classification or shelving scheme
Koha item type Books
Copies
Withdrawn status Source of classification or shelving scheme Shelving location Not for loan Date acquired Copy number Damaged status Koha item type Permanent Location Lost status Date last seen Barcode Price effective from Full call number
  General Stacks 2010-04-141 BooksRHEMA Bible Training College 2010-04-14125312010-04-14HQ 755.8 .N372